Brujas, caza de brujas y mujeres /

Guardado en:
Autor Principal: Federici, Silvia
Otros Autores: Aránzuru Catalán Altuna, María, trad.
Formato: Libro
Idioma:Spanish
Publicado: Buenos Aires : Tinta Limón, 2021.
Materias:
Acceso en línea:Acceso a texto completo
Etiquetas: Agregar Etiqueta
Sin Etiquetas, Sea el primero en etiquetar este registro!
LEADER 00934nam a22002415a 4500
001 EHU.bham050623
008 220519s2021####ag############000#0#spa#d
005 20220519101350.0
245 1 0 |a Brujas, caza de brujas y mujeres /  |c Silvia Federici ; trad. por María Aránzuru Catalán Altuna. 
260 |a Buenos Aires :  |b Tinta Limón,  |c 2021. 
300 |a 144 p. 
530 |a Disponible también en formato digital (Traficantes de sueños) 
020 |a 978 987 3687 84 6 
100 1 |a Federici, Silvia 
700 1 |a Aránzuru Catalán Altuna, María, trad. 
082 3 0 |a 305.42 F317-3 
653 |a Género-estudios de 
653 |a Capitalismo y género 
653 |a Brujas-caza de 
653 |a Patriarcado y capitalismo 
655 4 |a Libros electrónicos 
856 4 0 |u https://traficantes.net/sites/default/files/pdfs/MAP69%5FBrujas%5Fweb.pdf  |y Acceso a texto completo 
859 |a AR-BHAM  |b BIB. HUMANIDADES - General  |h 305.42  |i F317-3  |p 159.22